| 000 | 00466nam a2200181Ia 4500 | ||
|---|---|---|---|
| 008 | 120822t2005 xxu||||| |||| 00| 0 sin d | ||
| 041 | _asin | ||
| 080 |
_a8-31 _bODE |
||
| 100 | _aO'Dell,Scott | ||
| 245 | _aකළු මුතුව | ||
| 246 | _aKalu Muthuwa | ||
| 260 |
_aWijesooriya _aMulleriyawa _c2005 |
||
| 300 | _b90p, 21 cm | ||
| 700 |
_aWarnasooriya,Thilakasiri Kostha _etr. |
||
| 942 | _cBK | ||
| 999 |
_c43313 _d43313 |
||
| 003 | LK-CoDNM | ||
| 040 |
_aLK-CoDNM _dLK-CoDNM _eLK-CoDNM |
||